[Event "October - under 1500"]
[Site "SchemingMind.com"]
[Date "2016.10.07"]
[Round "-"]
[White "bmariusz"]
[Black "Chessibelle"]
[Result "1-0"]
[WhiteCountry "POL"]
[BlackCountry "ENG"]
[WhiteElo "1517"]
[WhiteRD "98"]
[BlackElo "1126"]
[BlackRD "58"]
[GameID "404671"]

1. e4 e5 2. Nf3 Nc6 3. Bb5 b6 4. Nc3 Nge7 5. d3 f6 6. O-O h6 7. Nh4 g5 8. Qh5+ Ng6 9. Qxg6+ Ke7 10. Nf5+ Ke6
11. Bc4+ d5 12. Bxd5+ Kd7 13. Qf7+ Be7 14. Be6#
1-0

[Event "October - under 1500"]
[Site "SchemingMind.com"]
[Date "2016.10.07"]
[Round "-"]
[White "Wojtek26"]
[Black "bmariusz"]
[Result "1-0"]
[WhiteCountry "POL"]
[BlackCountry "POL"]
[WhiteElo "1501"]
[WhiteRD "46"]
[BlackElo "1517"]
[BlackRD "98"]
[GameID "404672"]

1. e4 c5 2. Nf3 e6 3. Bc4 Nf6 4. Nc3 Nc6 5. O-O d5 6. exd5 exd5 7. Bb5 a6 8. Bxc6+ bxc6 9. Re1+ Be7 10. Ne5 d4
11. Nxc6 Qc7 12. Rxe7+ Qxe7 13. Nxe7 Kxe7 14. Qf3 Bg4 15. Nd5+ Kd6 16. Qg3+ Kxd5 17. f3 Bd7 18. Qxg7 Ke6 19. d3 Rag8 20. Qh6 Bc6
21. Kf2 Rg6 22. Qh3+ Ke7 23. Bd2 Rb8 24. Re1+ Kf8 25. b3 a5 26. Bf4 Bd7 27. g4 a4 28. Bxb8 axb3 29. axb3 c4 30. dxc4 Bc6
31. Bd6+ Kg7 32. Be5 Rh6 33. Bxf6+ Rxf6 34. g5 Rg6 35. f4 Rd6 36. Re7 Kf8 37. Ra7 Kg7 38. Qh5 Be8 39. Qe2 Re6 40. Qxe6
1-0

[Event "October - under 1500"]
[Site "SchemingMind.com"]
[Date "2016.10.07"]
[Round "-"]
[White "bmariusz"]
[Black "Wojtek26"]
[Result "1-0"]
[WhiteCountry "POL"]
[BlackCountry "POL"]
[WhiteElo "1517"]
[WhiteRD "98"]
[BlackElo "1501"]
[BlackRD "46"]
[GameID "404673"]

1. d4 Nf6 2. Nf3 d5 3. c4 e6 4. Qb3 dxc4 5. Qxc4 Nc6 6. Ne5 Bb4+ 7. Bd2 Bxd2+ 8. Kxd2 Ne4+ 9. Ke3 Nxe5 10. dxe5 f5
11. f3 Ng5 12. f4 Ne4 13. g3 c6 14. Bg2 Qd5 15. Na3 Qd2+ 16. Kf3 Qxb2 17. Qd3 Qb6 18. Rhf1 Qb2 19. Nc4 Qb4 20. Nd6+ Nxd6
21. exd6 Kd7 22. g4 fxg4+ 23. Kxg4 h5+ 24. Kh4 b6 25. Rad1 Ba6 26. Qg6 Raf8 27. Qxg7+
1-0

[Event "October - under 1500"]
[Site "SchemingMind.com"]
[Date "2016.10.09"]
[Round "-"]
[White "surfnsuds"]
[Black "James Reed"]
[Result "1-0"]
[WhiteCountry "USA"]
[BlackCountry "ENG"]
[WhiteElo "1333"]
[WhiteRD "73"]
[BlackElo "1312"]
[BlackRD "77"]
[GameID "404769"]

1. d4 Nf6 2. c4 e6 3. Nc3 Bb4 4. Bd2 O-O 5. Nf3 d6 6. a3 Ba5 7. b4 Bb6 8. Bg5 a6 9. e3 Nbd7 10. Nh4 h6
11. Bf4 Re8 12. Bd3 e5 13. dxe5 Ng4 14. Nd5 c6 15. Nxb6 Nxb6 16. f3 dxe5 17. Bg3 Nxe3 18. Qd2 Nexc4 19. Qc3 Nd6 20. O-O Nd5
21. Qe1 b5 22. Rf2 Nf4 23. Bxf4 exf4 24. Qc3 Rb8 25. Rd1 Nc4 26. Bh7+ Kxh7 27. Rxd8 Rxd8 28. Re2 Ne3 29. Rd2 Be6 30. Rxd8 Rxd8
31. Qe5 Rd1+ 32. Kf2 Bc4 33. Qxf4 Nc2 34. Qf5+ Kg8 35. Qc8+ Kh7 36. Qxc6 Rf1+ 37. Kg3 Ne3 38. Qe4+ g6 39. Qxe3 Ra1 40. f4 Kg7
41. Qd4+ Kh7 42. Qxa1 Bb3 43. Qb2
1-0

[Event "October - under 1500"]
[Site "SchemingMind.com"]
[Date "2016.10.10"]
[Round "-"]
[White "James Reed"]
[Black "surfnsuds"]
[Result "1-0"]
[WhiteCountry "ENG"]
[BlackCountry "USA"]
[WhiteElo "1312"]
[WhiteRD "77"]
[BlackElo "1333"]
[BlackRD "73"]
[GameID "404770"]

1. e4 c5 2. Nf3 d6 3. d4 cxd4 4. Nxd4 Nf6 5. Nc3 a6 6. Bg5 Nbd7 7. h3 Nc5 8. Bd3 d5 9. exd5 Nxd5 10. O-O Qd6
11. a3 e5 12. Nde2 Be7 13. Bxe7 Nxe7 14. Ne4 Nxe4 15. Bxe4 Qb6 16. b3 Be6 17. Re1 O-O 18. Nc3 Rfd8 19. Qe2 Rac8 20. Na4 Qc7
21. Qh5 g6 22. Qe2 Kg7 23. c4 Rd4 24. Red1 Rxd1+ 25. Rxd1 b5 26. Nc3 bxc4 27. b4 Bf5 28. Bxf5 Nxf5 29. Nd5 Qd6 30. Ne3 Qc6
31. Nxf5+ gxf5 32. Qxe5+ f6 33. Qxf5 Rf8 34. Rd7+ Rf7 35. Qg4+ Kf8 36. Rd8+ Ke7 37. Rd1 Qa4 38. Qe4+ Kf8 39. Rd8+ Kg7 40. Qg4+ Kh6
41. Qh4+ Kg7 42. Qxc4 Qxa3 43. Qg4+ Kh6 44. Rd6 Qc1+ 45. Kh2 Qc7 46. Qg3 a5 47. bxa5 Qe7 48. Qh4+ Kg7 49. Qg4+ Kh8 50. Qc8+ Rf8
51. Qa6 Kg7 52. Qd3 Qe5+ 53. Qg3+ Kf7 54. Qxe5 fxe5 55. a6 Ra8 56. Rb6 e4 57. Rb7+ Kg6 58. a7 Kg5 59. Rxh7 Kf4 60. Rf7+ Kg5
61. g3 Kg6 62. Rb7 Kf5 63. Kg2 Ke5 64. h4 Kd5 65. Re7 Kd4 66. h5
1-0

[Event "October - under 1500"]
[Site "SchemingMind.com"]
[Date "2016.10.11"]
[Round "-"]
[White "mochiron"]
[Black "James Reed"]
[Result "1-0"]
[WhiteCountry "JPN"]
[BlackCountry "ENG"]
[WhiteElo "1454"]
[WhiteRD "82"]
[BlackElo "1312"]
[BlackRD "77"]
[GameID "404771"]

1. f4 d5 2. Nf3 Nf6 3. e3 g6 4. Be2 Nc6 5. O-O Bf5 6. d3 e6 7. Nc3 a6 8. Ne5 Nxe5 9. fxe5 Nd7 10. d4 Qe7
11. Nb5 axb5 12. Bxb5 c6 13. Bd3 Bxd3 14. cxd3 Bg7 15. b4 O-O 16. e4 dxe4 17. dxe4 Nxe5 18. dxe5 Bxe5 19. Bh6 Bxa1 20. Qxa1 Rfd8
21. Qg7#
1-0

[Event "October - under 1500"]
[Site "SchemingMind.com"]
[Date "2016.10.10"]
[Round "-"]
[White "James Reed"]
[Black "mochiron"]
[Result "1-0"]
[WhiteCountry "ENG"]
[BlackCountry "JPN"]
[WhiteElo "1339"]
[WhiteRD "79"]
[BlackElo "1439"]
[BlackRD "81"]
[GameID "404772"]

1. e4 a6 2. d4 h6 3. Nc3 e6 4. a3 d6 5. Nf3 Nc6 6. Bc4 Nf6 7. h3 d5 8. Bb3 Nxe4 9. Nxe4 Bd7 10. Nc5 Bxc5
11. dxc5 e5 12. Bxd5 Qe7 13. O-O O-O-O 14. Re1 Qxc5 15. Bxf7 Nd4 16. Be3 Nxf3+ 17. Qxf3 Qe7 18. Rad1 g5 19. Bh5 Rhf8 20. Qe2 Bc6
21. Bg4+ Kb8 22. b3 Rxd1 23. Rxd1 Qf7 24. a4 h5 25. Bxh5 Qg7 26. Qg4 e4 27. Qxg5 Qc3 28. Rd2 b5 29. Qe7 Rg8 30. Bf4 Qa1+
31. Kh2 Rg7 32. Qd8+ Kb7 33. Bg4 e3 34. Qc8+ Ka7 35. Bxe3+
1-0

[Event "October - under 1500"]
[Site "SchemingMind.com"]
[Date "2016.10.10"]
[Round "-"]
[White "Black Knight"]
[Black "James Reed"]
[Result "1-0"]
[WhiteCountry "USA"]
[BlackCountry "ENG"]
[WhiteElo "1407"]
[WhiteRD "54"]
[BlackElo "1351"]
[BlackRD "82"]
[GameID "404773"]

1. e4 c5 2. Nf3 d6 3. Bb5+ Nc6 4. Bxc6+ bxc6 5. O-O e5 6. Nc3 Nf6 7. d3 Bg4 8. h3 Bh5 9. Qe2 h6 10. Qe3 Be7
11. Bd2 Qd7 12. a4 O-O 13. Ne2 Rfe8 14. c4 Bxf3 15. Qxf3 a6 16. Ng3 Rab8 17. Rab1 d5 18. b3 Qc7 19. Nf5 d4 20. Nxh6+ gxh6
21. Qg3+ Kf8 22. Bxh6#
1-0

[Event "October - under 1500"]
[Site "SchemingMind.com"]
[Date "2016.10.09"]
[Round "-"]
[White "James Reed"]
[Black "Black Knight"]
[Result "1/2-1/2"]
[WhiteCountry "ENG"]
[BlackCountry "USA"]
[WhiteElo "1312"]
[WhiteRD "77"]
[BlackElo "1379"]
[BlackRD "59"]
[GameID "404774"]

1. e4 c5 2. Nf3 Nc6 3. d4 e6 4. Nc3 Nf6 5. Bg5 Be7 6. h3 O-O 7. a3 h6 8. Bh4 cxd4 9. Nxd4 Qb6 10. Nxc6 Qxc6
11. Bb5 Qc5 12. O-O Re8 13. Re1 a6 14. Be2 b5 15. Qd2 Bb7 16. Bf3 Rad8 17. Bg3 d5 18. exd5 a5 19. Ne2 Bxd5 20. Bxd5 Rxd5
21. Qc3 Qxc3 22. Nxc3 Rd2 23. Nxb5 Rxc2 24. b4 axb4 25. axb4 Bxb4 26. Rec1 Rxc1+ 27. Rxc1 Ne4 28. Rb1 Nxg3 29. Rxb4 Nf5 30. Nd4 Nxd4
31. Rxd4 Kf8 32. f3 e5 33. Ra4 Rd8 34. Kf2 Rd2+ 35. Kg3 Rd4 36. Ra8+ Ke7 37. Ra5 f6 38. Ra7+ Rd7 39. Ra1 g5 40. Ra4 f5
41. Rc4 h5 42. h4 f4+ 43. Kh3 g4+ 44. Kh2 Rd2 45. Re4 g3+ 46. Kh3 Ke6 47. Ra4 Rd4 48. Rxd4 exd4
1/2-1/2

[Event "October - under 1500"]
[Site "SchemingMind.com"]
[Date "2016.10.09"]
[Round "-"]
[White "James Reed"]
[Black "Chessibelle"]
[Result "1-0"]
[WhiteCountry "ENG"]
[BlackCountry "ENG"]
[WhiteElo "1385"]
[WhiteRD "100"]
[BlackElo "1126"]
[BlackRD "58"]
[GameID "404775"]

1. e4 e5 2. Nf3 d6 3. Nc3 Nc6 4. Bb5 Bd7 5. a3 g6 6. h3 Nge7 7. d3 f6 8. Be3 b6 9. O-O Bg7 10. Re1 O-O
11. Qd2 Kf7 12. Bc4+ Be6 13. Bxe6+ Kxe6 14. Nd5 Nxd5 15. exd5+ Kxd5 16. Qc3 Ke6 17. Qxc6 h6 18. Qc4+ Ke7 19. Qd5 g5 20. Nd2 Qd7
21. Nc4 f5 22. Bd2 f4 23. Qe4 Rh8 24. Qg6 Rhg8 25. Bb4 c5 26. Bc3 Kd8 27. Nxd6 Kc7= 28. Nc4 Raf8 29. Qe4 Kb8 30. Bxe5+ Kc8
31. Bxg7 Rxg7 32. Qa8+ Kc7 33. Qxf8 Rf7 34. Qxh6 g4 35. Ne5 Qd4 36. Qc6+ Kd8 37. Nxf7#
1-0

[Event "October - under 1500"]
[Site "SchemingMind.com"]
[Date "2016.10.09"]
[Round "-"]
[White "Chessibelle"]
[Black "James Reed"]
[Result "0-1"]
[WhiteCountry "ENG"]
[BlackCountry "ENG"]
[WhiteElo "1126"]
[WhiteRD "58"]
[BlackElo "1385"]
[BlackRD "100"]
[GameID "404776"]

1. Nf3 Nf6 2. d4 d5 3. Nc3 Nc6 4. e3 a6 5. Be2 Bf5 6. a3 h6 7. g3 e6 8. Ne5 Nxe5 9. b3 Bd6 10. f4 Nc6
11. O-O Ne4 12. Bb2 O-O 13. Bd3 Re8 14. Qh5 Nf6 15. Qf3 Bg4 16. Qg2 b5 17. e4 dxe4 18. Nxe4 Bf5 19. d5 Nxd5 20. g4 Ne3
21. Qe2 Nxg4 22. Qd2 Qh4 23. Qg2 Qxh2+ 24. Qxh2 Nxh2 25. Kxh2 b4 26. a4 Be7 27. Rg1 Red8 28. Rxg7+ Kf8 29. Rag1 Ke8 30. Bc4 Bxe4
31. Rg8+ Kd7 32. Rd1+ Kc8 33. Rg7 Rxd1 34. Be2 Rh1+ 35. Kg3 Rg1+ 36. Kf2 Bc5+ 37. Bd4 Bxd4#
0-1

[Event "October - under 1500"]
[Site "SchemingMind.com"]
[Date "2016.10.09"]
[Round "-"]
[White "James Reed"]
[Black "Wojtek26"]
[Result "0-1"]
[WhiteCountry "ENG"]
[BlackCountry "POL"]
[WhiteElo "1351"]
[WhiteRD "82"]
[BlackElo "1529"]
[BlackRD "46"]
[GameID "404777"]

1. e4 e5 2. Nf3 Nc6 3. Bb5 Nge7 4. Nc3 d6 5. h3 a6 6. Ba4 b5 7. Bb3 Ng6 8. d3 Be6 9. Bxe6 fxe6 10. a3 Be7
11. O-O O-O 12. Re1 Nd4 13. Nxd4 exd4 14. Ne2 e5 15. b3 Bg5 16. Bxg5 Qxg5 17. Ng3 Rf7 18. Nf5 Ne7 19. Nxe7+ Rxe7 20. Qe2 Rf8
21. f3 Ref7 22. Rf1 c5 23. Rf2 Rf6 24. Raf1 Rh6 25. Qd2 Qg6 26. Qe2 Rxh3 27. f4 exf4 28. Rf3 Rxf3 29. Qxf3 Qg3 30. Qxg3 fxg3
31. Rxf8+ Kxf8 32. Kf1 Kf7 33. Ke2 Kg6 34. Kf3 Kf6 35. Kxg3 Kg5 36. Kf3 Kh4 37. Kf4 g6 38. g4 g5+ 39. Kf5 a5 40. e5 dxe5
41. Kxe5 Kxg4 42. Kf6 Kf4 43. Kg7 g4 44. Kxh7 g3
0-1

[Event "October - under 1500"]
[Site "SchemingMind.com"]
[Date "2016.10.09"]
[Round "-"]
[White "Wojtek26"]
[Black "James Reed"]
[Result "1-0"]
[WhiteCountry "POL"]
[BlackCountry "ENG"]
[WhiteElo "1529"]
[WhiteRD "46"]
[BlackElo "1351"]
[BlackRD "82"]
[GameID "404778"]

1. d4 Nf6 2. Nf3 d5 3. e3 Nc6 4. Bb5 Bd7 5. O-O e6 6. c4 a6 7. Bxc6 Bxc6 8. c5 h6 9. b4 Be7 10. Nc3 Ne4
11. Nxe4 dxe4 12. Nd2 Bf6 13. Qc2 Qd5 14. Bb2 O-O 15. a4 Rfe8 16. Nb3 a5 17. b5 Bd7 18. Nd2 e5 19. dxe5 Bxe5 20. Bxe5 Qxe5
21. Rad1 Qg5 22. Nxe4 Qf5 23. Rd4 c6 24. b6 Be6 25. Qd2 Qe5 26. Nd6 Re7 27. Rd1 Rd8 28. Qxa5 Bd5 29. Qe1 Qg5 30. Qf1 Rdd7
31. g3 Bf3 32. R1d2 Bd5 33. a5 Rd8 34. Qh3 Qg6 35. Qh4 Red7 36. Nxb7 Rb8 37. a6 Ra8 38. Nd6 Rxa6 39. b7 Ra1+ 40. Rd1 Rxd1+
41. Rxd1 Rxb7 42. Nxb7 Qc2 43. Qd8+ Kh7 44. Rxd5 g6 45. Rd1 Qe4 46. Qd7 Qf3 47. Nd8 Kg7 48. Nxf7 Qxf7 49. Qxf7+ Kxf7 50. Rd6
1-0

[Event "October - under 1500"]
[Site "SchemingMind.com"]
[Date "2016.10.10"]
[Round "-"]
[White "James Reed"]
[Black "bmariusz"]
[Result "0-1"]
[WhiteCountry "ENG"]
[BlackCountry "POL"]
[WhiteElo "1351"]
[WhiteRD "82"]
[BlackElo "1401"]
[BlackRD "82"]
[GameID "404779"]

1. e4 e5 2. Nf3 Nc6 3. Bb5 a6 4. Ba4 b5 5. Bb3 Nf6 6. Nc3 b4 7. Nd5 Bc5 8. Nxf6+ Qxf6 9. d3 Nd4 10. O-O Nxf3+
11. Qxf3 Qxf3 12. gxf3 O-O 13. Re1 d6 14. Bd5 Rb8 15. Bd2 Rb6 16. b3 Re8 17. Bc4 d5 18. Bxd5 Rg6+ 19. Kf1 Bh3+ 20. Ke2 Rg2
21. Bc6 Rxf2+ 22. Kd1 Re6 23. Bd5 Rg6 24. Kc1 Rgg2 25. Rd1 Be3 26. Bxe3 Rxc2+ 27. Kb1 Rb2+ 28. Kc1 Rgc2#
0-1

[Event "October - under 1500"]
[Site "SchemingMind.com"]
[Date "2016.10.10"]
[Round "-"]
[White "bmariusz"]
[Black "James Reed"]
[Result "0-1"]
[WhiteCountry "POL"]
[BlackCountry "ENG"]
[WhiteElo "1401"]
[WhiteRD "82"]
[BlackElo "1351"]
[BlackRD "82"]
[GameID "404780"]

1. e4 b5 2. Bxb5 e5 3. d4 c6 4. Bc4 exd4 5. Qf3 d5 6. exd5 Qe7+ 7. Qe2 Qxe2+ 8. Nxe2 Bb7 9. Nxd4 Bc5 10. dxc6 Bxc6
11. Nxc6 Nxc6 12. Bb5 Ne7 13. O-O O-O 14. Re1 Rfe8 15. Nc3 Bb4 16. Bd2 a6 17. Bxc6 Nxc6 18. Nd5 Rxe1+ 19. Rxe1 Bxd2 20. Re2 Bc1
21. Re4 Bxb2 22. Rc4 Ne5 23. Rb4 Ba3 24. Re4 Nc6 25. Nb6 Rb8 26. Nd7 Rb1+ 27. Re1 Rxe1#
0-1